| 000 | nam a22 7a 4500 | ||
|---|---|---|---|
| 999 |
_c15870 _d15870 |
||
| 008 | 161105b xxu||||| |||| 00| 0 eng d | ||
| 020 | _a0324163703 | ||
| 020 | _a 9780324163704 | ||
| 050 | _aHB 171.5 .A76 2004 | ||
| 100 | _aArnold, Roger A. | ||
| 245 |
_aEconomics/ _c Roger A. Arnold |
||
| 250 | _a6th ed. | ||
| 260 |
_aMason, Ohio : _b Thomson/South-Western, _c©2004. |
||
| 300 |
_axxv, 858p. : _bill. ; |
||
| 500 | _aIncludes bibliography and index. | ||
| 650 | _a Economics. | ||
| 942 |
_2lcc _cBOOKS _hHB 171.5 .A76 2004 |
||